Statistics for History of China

Click here to take the quiz!

General Stats

  • This quiz has been taken 8,997 times
  • The average score is 17 of 33

Answer Stats

Hint Answer % Correct
First communist leader of ChinaMao Zedong
91%
Protective barrier meant to keep out northern invadersGreat Wall
90%
Territory controlled by the UK, 1842-1997Hong Kong
89%
River called the cradle of Chinese civilzationYellow River
88%
China fought two wars because of Western efforts
to import this drug
Opium
85%
Probably China's most influential philosopherConfucius
83%
Indian religion that exerted a great influence in ChinaBuddhism
80%
Communist economic program that resulted in perhaps
30 million deaths due to famine
{Great} {Leap}
Forward
74%
1368-1644Ming
71%
Four great ancient inventionsGunpowder
69%
Four great ancient capitalsBeijing
68%
Communist effort to purge traditional culture{Cultural} Revolution
63%
Four great ancient inventionsPapermaking
63%
Mongolian Khan who conquered ChinaKublai Khan
63%
1644-1911Qing
55%
Chinese name for China, reflecting its position in the world{Middle} Kingdom
54%
202 BC - 202Han
53%
Military leader of China who fled to TaiwanChiang Kai-shek
53%
Founder of DaoismLaozi
51%
What gave the emperor the right to ruleMandate of {Heaven}
43%
Four great ancient capitalsNanjing
41%
Four great ancient capitalsChang'an
40%
618-907Tang
35%
Four great ancient inventionsPrinting
32%
Oldest book of Chinese classics, credited to the Duke of ZhouI {Ching}
32%
Four great ancient inventionsCompass
32%
960-1279Song
31%
Chinese leader who said "to get rich is glorious"Deng Xiaoping
28%
1271-1368Yuan
25%
Ancient canal, still the world's longest{Grand} Canal
20%
Zheng He's fleet of ships bearing gifts throughout Asia{Treasure} Fleet
12%
Four great ancient capitalsLuoyang
12%
Hairstyle mandated by Manchu conquerorsQueue
11%

Score Distribution

Percentile by Number Answered

Percent of People with Each Score

Your Score History

You have not taken this quiz